Statistics for What Type of Number are They?

Click here to take the quiz!

General Stats

  • This quiz has been taken 53 times
  • The average score is 5 of 10

Answer Stats

Set Type % Correct
2, 4, 6, 8, 10, 12, ...Even
98%
1, 3, 5, 7, 9, 11, ...Odd
98%
2, 3, 5, 7, 11, 13, 17, ...Prime
88%
1, 4, 9, 16, 25, 36, 49, ...Square
78%
1, 8, 27, 64, 125, 216, 343, ...Cube
41%
1, 3, 6, 10, 15, 21, 28, ...Triangle
22%
1, 2, 6, 24, 120, 720, 5040, ...Factorial
20%
1, 2, 4, 8, 16, 32, 64, 128, ...Powers of 2
18%
6, 28, 496, 8128, 33550336, ...Perfect
18%
(1), 2, 3, 4, 6, 9, 12, 18, (36)Factors of 36
10%

Score Distribution

Percentile by Number Answered

Percent of People with Each Score

Your Score History

You have not taken this quiz